Sports Quiz

Random Sports or Famous Quiz

The Other Guy - Famous Moments in Sports 2 Quiz Stats

 Plays Quiz not verified by Sporcle

Challenge
Share
Tweet
Embed
Score 0/20 Timer 10:00
0 Plays Today
Athlete % Correct
Darko Milicic
64.9%
Mitch Williams
60.9%
Grant Hill
58.9%
Sonny Liston
48.3%
Bryon Russell
46.4%
Bobby Riggs
46.4%
Wally Pipp
43%
Ralph Branca
35.1%
Jack Tatum or John 'French' Fuqua
33.1%
Jared Zabransky
33.1%
Athlete % Correct
Alan Ameche
27.2%
Al Downing
26.5%
Marco Materazzi
23.2%
War Admiral
23.2%
Dale Mitchell
12.6%
Peter Shilton
9.3%
Peter Norman
6%
Ken Calhoun
2.6%
Tom Kite
2.6%
Steve Tuttle
2%

You're not logged in!

Compare scores with friends on all Sporcle quizzes.
OR
Log In

You Might Also Like...

Show Comments

Extras

Top Quizzes Today


Score Distribution

Your Account Isn't Verified!

In order to create a playlist on Sporcle, you need to verify the email address you used during registration. Go to your Sporcle Settings to finish the process.

Report this User

Report this user for behavior that violates our Community Guidelines.

Details: